000 00700nam a2200205Ia 4500
005 20260121110131.0
008 008 260114s9999 xx 000 0 hin d
020 _a9788132304074
037 _aEBOOK
040 _aCRL
_bhin
_cCRL
041 _ahin
_2hin
084 _qCRL
100 _aकामिनी शर्मा / Kamini Sharma
_9942460
245 0 _aगृह प्रबंधन एवं साधन व्यवस्था / Griha prabandhan aur saadhan vyavastha
260 _bभाषा प्रकाशन / Bhasha Prakashan
_c2020
856 _uhttps://bhashaprakashan.com/product-details/378039
942 _cEBOOK
999 _c1534125
_d1534125